000 00231nam a2200097Ia 4500
001 956431
005 20250826215824.0
008 250824s9999 xx 000 0 und d
245 0 _aDON KİŞOT
_cCERVANTES
260 _bANONİM YAYINLARI
999 _c956431
_d956431